| 000 | 00446nam a22001697a 4500 | ||
|---|---|---|---|
| 003 | NUST - PNEC | ||
| 005 | 20170116181158.0 | ||
| 008 | 160118b xxu||||| |||| 00| 0 eng d | ||
| 020 | _a- | ||
| 040 | _cLIBRARY | ||
| 082 | _a621.381952 GRI | ||
| 100 |
_916098 _aGriffiths, Michael |
||
| 245 |
_aAlgorithmic methods for artificial intelligence _cGriffiths, Michael |
||
| 260 | _c- | ||
| 650 |
_916101 _aAlgorithmic _xGeneral |
||
| 942 |
_2ddc _cBK |
||
| 999 |
_c71305 _d71305 |
||